| 000 | 01551nam0a22002891 4500 | ||
|---|---|---|---|
| 001 | rc\4168981 | ||
| 005 | 20260407115722.0 | ||
| 021 |
_aRU _b[47-12274] |
||
| 035 | _a(NLR Aleph) 008181846 | ||
| 090 |
_a7920569 _c7920569 |
||
| 100 | _a20130415d1947 |||y0rusy50 ca | ||
| 101 | 0 | _arus | |
| 102 | _aRU | ||
| 105 | _aa z ||||| | ||
| 200 | 1 |
_aСборник норм на общестроительные работы (не вошедших в Н и Р 1944 г.) _fРазраб. Моск. норматив.-исслед. станций Отд. труда и заработ. платы М-ва жил.-гражд. строит-ва РСФСР _gМ-во жил.-гражд. строит-ва РСФСР |
|
| 210 |
_aМосква _aЛенинград _cИзд-во М-ва коммун. хозяйства РСФСР _d1947 _gТип. Упр. делами Совета министров СССР в М. |
||
| 215 |
_a98 с. _cил. _d22 |
||
| 300 | _aНа обороте тит. л. указаны сост. Ф.П. Кулевский, Л.В. Побединский | ||
| 606 |
_aСтроительные работы _jНормы и расценки _2psbo |
||
| 702 | 1 |
_aКулевский _bФ.П. _gФедор Павлович _4220 |
|
| 702 | 1 |
_aПобединский _bЛ.В. _4220 |
|
| 710 | 0 | 1 |
_aРСФСР _bМинистерство жилищно-гражданского строительства _3RU\NLR\AUTH\8810067989 _9637585 |
| 801 | 0 |
_aRU _bNLR _gpsbo |
|
| 801 | 1 |
_aRU _bELAR _2rusmarc |
|
| 852 |
_aNLR _jТ80 Г-6/411 |
||
| 942 | _cBOOK | ||
| 980 | _aNB | ||